[Event "NED-ch U16 Youth 2019"]
[Site "Assen"]
[Date "2019.05.02"]
[Round "5.5"]
[White "Gevorkjan, Lewon"]
[Black "Maters, Arthur"]
[Result "1-0"]
[WhiteElo "1808"]
[BlackElo "2043"]
[Annotator "NA"]
[PlyCount "79"]
[EventDate "2019.04.28"]
[EventType "swiss"]
[EventCountry "NED"]
[SourceTitle "playchess.com"]
[Source "ChessBase"]
[SourceQuality "1"]
[TimeControl "40/5400+30:1800+30"]

1. d4 {[%emt 0:00:00]} Nf6 {[%emt 0:00:00]} 2. c4 {[%emt 0:00:00]} g6 {[%emt 0:00:00]} 3. Nc3 {[%emt 0:00:00]} d5 {[%emt 0:00:00]} 4. Nf3 {[%emt 0:00:03]} Bg7 {[%emt 0:00:00]} 5. Bf4 {[%emt 0:00:10]} O-O {[%emt 0:03:23]} 6. Rc1 {[%emt 0:00:26]} c6 {[%emt 0:01:35]} 7. e3 {[%emt 0:02:26]} a5 {[%emt 0:08:24]} 8. h3 {[%emt 0:16:36]} Na6 {[%emt 0:02:44]} 9. a3 {[%emt 0:00:49]} dxc4 {[%emt 0:04:40]} 10. Bxc4 {[%emt 0:00:53]} b5 {[%emt 0:00:17]} 11. Be2 {[%emt 0:01:51]} Bb7 {[%emt 0:04:02]} 12. O-O {[%emt 0:04:14]} Rc8 $16 {[%emt 0:03:17]} 13. Bh2 {[%emt 0:06:39]} Qb6 {[%emt 0:03:58]} 14. Qd3 {[%emt 0:08:10]} Rfd8 {[%emt 0:02:03]} 15. Ne5 {[%emt 0:03:44]} Nc7 {[%emt 0:06:08]} 16. Qc2 {[%emt 0:09:02]} e6 {[%emt 0:06:34]} 17. Bf3 {[%emt 0:00:50]} Ncd5 {[%emt 0:02:07]} 18. Nd3 {[%emt 0:05:14]} Nd7 {[%emt 0:02:50]} 19. Ne4 {[%emt 0:00:53]} Bf8 {[%emt 0:04:08]} 20. Nd6 {[%emt 0:04:07]} c5 {[%emt 0:07:03]} 21. Nxc8 {[%emt 0:01:37]} Rxc8 {[%emt 0:00:13]} 22. dxc5 {[%emt 0:00:13]} Nxc5 {[%emt 0:00:11]} 23. Nxc5 {[%emt 0:00:32]} Bxc5 {[%emt 0:00:15]} 24. Qb1 {[%emt 0:05:57]} b4 {[%emt 0:05:49]} 25. axb4 {[%emt 0:02:35]} Qxb4 {[%emt 0:00:16]} 26. Bxd5 {[%emt 0:01:19]} Bxd5 {[%emt 0:00:18]} 27. Bd6 {[%emt 0:00:26]} Bxd6 {[%emt 0:08:05]} 28. Rxc8+ {[%emt 0:00:20]} Kg7 {[%emt 0:00:04]} 29. Qc2 {[%emt 0:01:10]} Be5 {[%emt 0:00:32]} 30. f4 {[%emt 0:06:01]} Bf6 {[%emt 0:03:24]} 31. Qc5 {[%emt 0:00:16]} Qxc5 {[%emt 0:00:34]} 32. Rxc5 {[%emt 0:00:02]} a4 {[%emt 0:00:08]} 33. Rf2 {[%emt 0:01:49]} h5 {[%emt 0:01:47]} 34. Rd2 {[%emt 0:01:52]} h4 {[%emt 0:03:48]} 35. Ra5 {[%emt 0:00:19]} Bb3 {[%emt 0:00:27]} 36. e4 {[%emt 0:01:17]} e5 {[%emt 0:02:57]} 37. fxe5 {[%emt 0:00:30]} Be7 {[%emt 0:00:55]} 38. Rd3 {[%emt 0:01:04]} Bc2 {[%emt 0:00:26]} 39. Rd4 {[%emt 0:01:37]} Bg5 {[%emt 0:01:47]} 40. Rdxa4 {[%emt 0:01:54]} 1-0

[Event "NED-ch U16 Youth 2019"]
[Site "Assen"]
[Date "2019.05.02"]
[Round "5.7"]
[White "Roothaan, Elmar"]
[Black "Albertus, Bram"]
[Result "1/2-1/2"]
[WhiteElo "1711"]
[BlackElo "1887"]
[Annotator "NA"]
[PlyCount "67"]
[EventDate "2019.04.28"]
[EventType "swiss"]
[EventCountry "NED"]
[SourceTitle "playchess.com"]
[Source "ChessBase"]
[SourceQuality "1"]
[TimeControl "40/5400+30:1800+30"]

1. d4 {[%emt 0:00:00]} f5 {[%emt 0:00:00]} 2. g3 {[%emt 0:00:00]} Nf6 {[%emt 0:00:00]} 3. Bg2 {[%emt 0:00:00]} e6 {[%emt 0:00:16]} 4. c4 {[%emt 0:00:06]} d5 {[%emt 0:00:19]} 5. a3 {[%emt 0:01:30]} c6 {[%emt 0:00:33]} 6. Nh3 {[%emt 0:00:43]} Bd6 {[%emt 0:03:56]} 7. O-O {[%emt 0:00:42]} Nbd7 {[%emt 0:01:32]} 8. Bf4 {[%emt 0:03:02]} Bxf4 {[%emt 0:02:37]} 9. Nxf4 {[%emt 0:00:08]} Qe7 {[%emt 0:00:12]} 10. Nd2 {[%emt 0:00:28]} g5 {[%emt 0:13:39]} 11. Nd3 {[%emt 0:00:21]} Qg7 {[%emt 0:00:45]} 12. cxd5 {[%emt 0:02:59]} exd5 {[%emt 0:01:36]} 13. Nf3 {[%emt 0:01:13]} g4 {[%emt 0:09:15]} 14. Nh4 {[%emt 0:09:29]} Nf8 {[%emt 0:02:56]} 15. Qd2 {[%emt 0:00:23]} Bd7 {[%emt 0:29:57]} 16. Ne5 {[%emt 0:03:04]} O-O-O {[%emt 0:03:16]} 17. Nxd7 {[%emt 0:04:04]} Qxd7 {[%emt 0:03:36]} 18. Qg5 {[%emt 0:01:45]} Ne4 {[%emt 0:03:35]} 19. Qxf5 {[%emt 0:00:11]} Ng6 {[%emt 0:02:18]} 20. Bxe4 {[%emt 0:01:35]} dxe4 {[%emt 0:03:50]} 21. Nxg6 {[%emt 0:02:11]} hxg6 {[%emt 0:02:08]} 22. Qxd7+ {[%emt 0:00:03]} Rxd7 {[%emt 0:00:06]} 23. Rad1 {[%emt 0:02:34]} Rdh7 {[%emt 0:04:11]} 24. h4 {[%emt 0:00:04]} g5 {[%emt 0:04:01]} 25. Kg2 {[%emt 0:00:13]} gxh4 {[%emt 0:00:18]} 26. gxh4 {[%emt 0:00:06]} Rxh4 {[%emt 0:03:34]} 27. Rh1 {[%emt 0:00:07]} Rh3 {[%emt 0:01:46]} 28. e3 {[%emt 0:00:40]} Kc7 {[%emt 0:00:50]} 29. Rxh3 {[%emt 0:01:25]} Rxh3 {[%emt 0:00:18]} 30. d5 {[%emt 0:00:17]} Rf3 {[%emt 0:01:29]} 31. dxc6 {[%emt 0:08:44]} Kxc6 {[%emt 0:00:19]} 32. Rc1+ {[%emt 0:02:51]} Kd6 {[%emt 0:01:31]} 33. Rc3 {[%emt 0:00:22]} a6 {[%emt 0:00:50]} 34. a4 {[%emt 0:09:33]} 1/2-1/2

[Event "NED-ch U16 Youth 2019"]
[Site "Assen"]
[Date "2019.05.03"]
[Round "6.1"]
[White "Cchung, Chi Yun"]
[Black "Grutter, Tim"]
[Result "1-0"]
[WhiteElo "1836"]
[BlackElo "2029"]
[Annotator "NA"]
[PlyCount "71"]
[EventDate "2019.04.28"]
[EventType "swiss"]
[EventCountry "NED"]
[SourceTitle "playchess.com"]
[Source "ChessBase"]
[SourceQuality "1"]
[TimeControl "40/5400+30:1800+30"]

1. e4 {[%emt 0:00:00]} c5 {[%emt 0:00:00]} 2. Nf3 {[%emt 0:00:00]} e6 {[%emt 0:00:00]} 3. d4 {[%emt 0:00:00]} cxd4 {[%emt 0:00:00]} 4. Nxd4 {[%emt 0:00:00]} Nc6 {[%emt 0:00:00]} 5. Nc3 {[%emt 0:00:00]} Qc7 {[%emt 0:00:00]} 6. g3 {[%emt 0:00:16]} a6 {[%emt 0:00:26]} 7. Bg2 {[%emt 0:00:07]} Nf6 {[%emt 0:01:22]} 8. O-O {[%emt 0:03:23]} Be7 {[%emt 0:01:58]} 9. Re1 {[%emt 0:00:19]} O-O {[%emt 0:01:02]} 10. Nxc6 {[%emt 0:00:35]} bxc6 {[%emt 0:00:14]} 11. e5 {[%emt 0:02:06]} Nd5 {[%emt 0:01:25]} 12. Na4 {[%emt 0:08:06]} Rd8 {[%emt 0:05:47]} 13. c4 {[%emt 0:31:18]} Nb6 {[%emt 0:00:52]} 14. Nxb6 {[%emt 0:11:36]} Qxb6 {[%emt 0:00:10]} 15. Qg4 {[%emt 0:05:58]} f5 {[%emt 0:09:37]} 16. exf6 {[%emt 0:13:12]} Bxf6 {[%emt 0:00:13]} 17. Rb1 {[%emt 0:00:08]} d5 {[%emt 0:06:34]} 18. Bg5 {[%emt 0:01:02]} Rf8 {[%emt 0:06:52]} 19. Bxf6 {[%emt 0:03:21]} Rxf6 {[%emt 0:00:16]} 20. b4 {[%emt 0:01:03]} Qxf2+ {[%emt 0:02:53]} 21. Kh1 {[%emt 0:00:12]} Rg6 {[%emt 0:12:26]} 22. Qh4 {[%emt 0:04:20]} Qf6 {[%emt 0:01:01]} 23. Qh5 {[%emt 0:02:24]} Bb7 {[%emt 0:06:12]} 24. a4 {[%emt 0:05:11]} Rg5 {[%emt 0:06:44]} 25. Qe2 {[%emt 0:02:25]} e5 {[%emt 0:02:01]} 26. b5 {[%emt 0:01:12]} axb5 {[%emt 0:01:54]} 27. axb5 {[%emt 0:00:15]} d4 {[%emt 0:05:29]} 28. Qe4 {[%emt 0:02:35]} Rc8 {[%emt 0:01:44]} 29. Rf1 {[%emt 0:01:23]} Qe7 {[%emt 0:01:49]} 30. bxc6 {[%emt 0:00:33]} Ba8 {[%emt 0:01:23]} 31. Qd5+ {[%emt 0:00:29]} Kh8 {[%emt 0:01:44]} 32. Rf7 {[%emt 0:00:45]} Qe8 {[%emt 0:01:42]} 33. Rbf1 {[%emt 0:00:58]} Rg6 {[%emt 0:03:38]} 34. Qd7 {[%emt 0:00:59]} Kg8 {[%emt 0:05:32]} 35. Bd5 {[%emt 0:00:20]} Qxd7 {[%emt 0:01:37]} 36. Rf8# {[%emt 0:00:06]} 1-0

[Event "NED-ch U16 Youth 2019"]
[Site "Assen"]
[Date "2019.05.03"]
[Round "6.2"]
[White "Bruil, Rembrandt"]
[Black "Honkoop, Gilian"]
[Result "1-0"]
[WhiteElo "2178"]
[BlackElo "2038"]
[Annotator "NA"]
[PlyCount "79"]
[EventDate "2019.04.28"]
[EventType "swiss"]
[EventCountry "NED"]
[SourceTitle "playchess.com"]
[Source "ChessBase"]
[SourceQuality "1"]
[TimeControl "40/5400+30:1800+30"]

1. c4 {[%emt 0:00:00]} Nf6 {[%emt 0:02:55]} 2. Nc3 {[%emt 0:00:00]} g6 {[%emt 0:05:32]} 3. Nf3 {[%emt 0:02:44]} Bg7 {[%emt 0:00:14]} 4. g3 {[%emt 0:01:28]} O-O {[%emt 0:00:07]} 5. Bg2 {[%emt 0:00:03]} d6 {[%emt 0:00:58]} 6. d4 {[%emt 0:00:26]} Nbd7 {[%emt 0:01:43]} 7. O-O {[%emt 0:01:04]} e5 {[%emt 0:00:43]} 8. h3 {[%emt 0:03:01]} h6 {[%emt 0:03:03]} 9. e4 {[%emt 0:02:40]} Re8 {[%emt 0:19:06]} 10. Re1 {[%emt 0:01:20]} b6 {[%emt 0:17:27]} 11. b3 {[%emt 0:06:27]} Bb7 {[%emt 0:00:46]} 12. d5 {[%emt 0:00:14]} Qe7 {[%emt 0:01:56]} 13. Rb1 {[%emt 0:02:49]} Nh5 {[%emt 0:02:04]} 14. Bd2 {[%emt 0:05:09]} Rf8 {[%emt 0:03:41]} 15. b4 {[%emt 0:06:12]} Rac8 {[%emt 0:06:05]} 16. a4 {[%emt 0:09:59]} Nhf6 {[%emt 0:04:59]} 17. Qc1 {[%emt 0:09:21]} Kh7 {[%emt 0:01:12]} 18. Qa3 {[%emt 0:00:08]} Ne8 {[%emt 0:01:58]} 19. a5 {[%emt 0:00:31]} f5 {[%emt 0:01:28]} 20. a6 {[%emt 0:01:43]} Ba8 {[%emt 0:00:03]} 21. Nb5 {[%emt 0:00:20]} fxe4 {[%emt 0:00:54]} 22. Rxe4 {[%emt 0:04:02]} Ndf6 {[%emt 0:05:00]} 23. Rh4 {[%emt 0:12:36]} c6 {[%emt 0:01:56]} 24. Nc3 {[%emt 0:00:22]} cxd5 {[%emt 0:04:51]} 25. cxd5 {[%emt 0:00:06]} Kg8 {[%emt 0:05:34]} 26. b5 {[%emt 0:07:14]} g5 {[%emt 0:01:23]} 27. Ra4 {[%emt 0:00:04]} Nc7 {[%emt 0:00:57]} 28. Re1 {[%emt 0:02:05]} Nfxd5 {[%emt 0:03:10]} 29. h4 {[%emt 0:07:21]} Nxc3 {[%emt 0:01:06]} 30. Qxc3 {[%emt 0:00:06]} Ne6 {[%emt 0:00:55]} 31. Qe3 {[%emt 0:04:28]} Qf7 {[%emt 0:01:22]} 32. hxg5 {[%emt 0:03:43]} hxg5 {[%emt 0:02:10]} 33. Nh2 {[%emt 0:01:27]} Bxg2 {[%emt 0:00:27]} 34. Kxg2 {[%emt 0:00:01]} Nd4 {[%emt 0:00:26]} 35. Ng4 {[%emt 0:04:02]} Qd5+ {[%emt 0:00:35]} 36. Qe4 {[%emt 0:00:26]} Qxb5 {[%emt 0:00:33]} 37. Rxd4 {[%emt 0:00:06]} exd4 {[%emt 0:00:12]} 38. Qe6+ {[%emt 0:00:04]} Rf7 {[%emt 0:00:56]} 39. Qxc8+ {[%emt 0:00:05]} Bf8 {[%emt 0:00:11]} 40. Nh6+ {[%emt 0:00:32]} 1-0

[Event "NED-ch U16 Youth 2019"]
[Site "Assen"]
[Date "2019.05.03"]
[Round "6.3"]
[White "Van der Schaaf, Tristan"]
[Black "Hilwerda, Jonas"]
[Result "0-1"]
[WhiteElo "1807"]
[BlackElo "2312"]
[Annotator "NA"]
[PlyCount "64"]
[EventDate "2019.04.28"]
[EventType "swiss"]
[EventCountry "NED"]
[SourceTitle "playchess.com"]
[Source "ChessBase"]
[SourceQuality "1"]
[TimeControl "40/5400+30:1800+30"]

1. d4 {[%emt 0:00:00]} Nf6 {[%emt 0:00:00]} 2. c4 {[%emt 0:00:00]} e6 {[%emt 0:00:00]} 3. g3 {[%emt 0:00:00]} d5 {[%emt 0:00:00]} 4. Nf3 {[%emt 0:00:00]} dxc4 {[%emt 0:00:00]} 5. Bg2 {[%emt 0:00:00]} Bd7 {[%emt 0:00:07]} 6. Ne5 {[%emt 0:00:00]} Bc6 {[%emt 0:00:11]} 7. Nxc6 {[%emt 0:00:00]} Nxc6 {[%emt 0:00:05]} 8. O-O {[%emt 0:00:04]} Qd7 {[%emt 0:00:44]} 9. e3 {[%emt 0:00:04]} O-O-O {[%emt 0:00:39]} 10. Nd2 {[%emt 0:00:05]} e5 {[%emt 0:00:37]} 11. Nxc4 {[%emt 0:00:07]} exd4 {[%emt 0:00:35]} 12. exd4 {[%emt 0:00:11]} Qe6 {[%emt 0:03:44]} 13. Qa4 {[%emt 0:00:05]} Rxd4 {[%emt 0:03:08]} 14. b3 {[%emt 0:00:04]} Ne4 {[%emt 0:08:59]} 15. Bb2 {[%emt 0:00:05]} Nc5 {[%emt 0:01:29]} 16. Qxc6 {[%emt 0:00:06]} bxc6 {[%emt 0:00:04]} 17. Bxd4 {[%emt 0:00:04]} Ne4 {[%emt 0:17:52]} 18. Rae1 {[%emt 0:00:08]} f5 {[%emt 0:01:58]} 19. f3 {[%emt 0:00:05]} Qd5 {[%emt 0:01:51]} 20. fxe4 {[%emt 0:00:14]} Qxd4+ {[%emt 0:00:14]} 21. Kh1 {[%emt 0:00:06]} Bb4 {[%emt 0:07:50]} 22. Rd1 {[%emt 0:00:07]} Qf6 {[%emt 0:12:03]} 23. a3 {[%emt 0:00:46]} Bc3 {[%emt 0:14:36]} 24. Bh3 {[%emt 0:07:35]} g6 {[%emt 0:04:10]} 25. exf5 {[%emt 0:00:32]} g5 {[%emt 0:00:14]} 26. Bg2 {[%emt 0:00:06]} h5 {[%emt 0:06:22]} 27. b4 {[%emt 0:08:44]} g4 {[%emt 0:03:15]} 28. Rd3 {[%emt 0:19:31]} h4 {[%emt 0:04:49]} 29. gxh4 {[%emt 0:01:32]} Qxh4 {[%emt 0:00:26]} 30. Kg1 {[%emt 0:04:15]} Qxh2+ {[%emt 0:00:28]} 31. Kf2 {[%emt 0:00:09]} Qf4+ {[%emt 0:00:18]} 32. Ke2 {[%emt 0:01:03]} Qxc4 {[%emt 0:00:37]} 0-1

[Event "NED-ch U16 Youth 2019"]
[Site "Assen"]
[Date "2019.05.03"]
[Round "6.4"]
[White "Albers, Sasa"]
[Black "Elgersma, Onno"]
[Result "0-1"]
[WhiteElo "1690"]
[BlackElo "2174"]
[Annotator "NA"]
[PlyCount "178"]
[EventDate "2019.04.28"]
[EventType "swiss"]
[EventCountry "NED"]
[SourceTitle "playchess.com"]
[Source "ChessBase"]
[SourceQuality "1"]
[TimeControl "40/5400+30:1800+30"]

1. e4 {[%emt 0:00:00]} c6 {[%emt 0:00:00]} 2. Nf3 {[%emt 0:00:00]} d5 {[%emt 0:00:00]} 3. Nc3 {[%emt 0:00:00]} g6 {[%emt 0:00:07]} 4. d4 {[%emt 0:00:00]} Bg7 {[%emt 0:00:10]} 5. Bd3 {[%emt 0:00:00]} dxe4 {[%emt 0:01:06]} 6. Nxe4 {[%emt 0:00:00]} Nf6 {[%emt 0:04:53]} 7. O-O {[%emt 0:00:00]} Nxe4 {[%emt 0:01:08]} 8. Bxe4 {[%emt 0:00:02]} O-O {[%emt 0:01:24]} 9. Re1 {[%emt 0:04:49]} Nd7 {[%emt 0:03:48]} 10. c3 {[%emt 0:02:44]} Re8 {[%emt 0:11:51]} 11. Bf4 {[%emt 0:01:58]} Qb6 {[%emt 0:05:22]} 12. Qb3 {[%emt 0:07:54]} Nf6 {[%emt 0:12:21]} 13. Ng5 {[%emt 0:08:11]} Qxb3 {[%emt 0:01:48]} 14. axb3 {[%emt 0:00:09]} h6 {[%emt 0:03:30]} 15. Nf3 {[%emt 0:00:11]} Nxe4 {[%emt 0:02:14]} 16. Rxe4 {[%emt 0:00:02]} g5 {[%emt 0:00:28]} 17. Be5 {[%emt 0:03:15]} f6 {[%emt 0:04:31]} 18. Bd6 {[%emt 0:03:55]} Kf7 {[%emt 0:01:49]} 19. Rae1 {[%emt 0:02:05]} Bf8 {[%emt 0:00:48]} 20. Ba3 {[%emt 0:02:50]} Bf5 {[%emt 0:00:34]} 21. R4e2 {[%emt 0:02:07]} Rad8 {[%emt 0:05:25]} 22. Nd2 {[%emt 0:13:32]} b6 {[%emt 0:09:22]} 23. Ne4 {[%emt 0:18:55]} Bg6 {[%emt 0:05:54]} 24. h3 {[%emt 0:04:27]} h5 {[%emt 0:01:28]} 25. g4 {[%emt 0:07:25]} Kg7 {[%emt 0:05:22]} 26. Ng3 {[%emt 0:02:21]} h4 {[%emt 0:00:57]} 27. Nf5+ {[%emt 0:00:34]} Bxf5 {[%emt 0:01:56]} 28. gxf5 {[%emt 0:00:06]} Kf7 {[%emt 0:00:06]} 29. Re6 {[%emt 0:00:01]} Rc8 {[%emt 0:00:40]} 30. R1e4 {[%emt 0:02:17]} Rc7 {[%emt 0:01:37]} 31. Kf1 {[%emt 0:05:04]} Rd8 {[%emt 0:00:44]} 32. c4 {[%emt 0:02:04]} Rcd7 {[%emt 0:06:00]} 33. d5 {[%emt 0:06:31]} cxd5 {[%emt 0:00:17]} 34. cxd5 {[%emt 0:00:01]} Rc7 {[%emt 0:01:27]} 35. Rc6 {[%emt 0:00:50]} Rb7 {[%emt 0:01:56]} 36. d6 {[%emt 0:02:42]} exd6 {[%emt 0:00:13]} 37. Re6 {[%emt 0:00:01]} Rbd7 {[%emt 0:02:37]} 38. Kg2 {[%emt 0:00:30]} b5 {[%emt 0:02:05]} 39. Bb4 {[%emt 0:00:15]} Re8 {[%emt 0:01:18]} 40. Bxd6 {[%emt 0:00:35]} Bxd6 {[%emt 0:00:28]} 41. Rcxd6 {[%emt 0:31:18]} Rxd6 {[%emt 0:30:14]} 42. Rxd6 {[%emt 0:00:03]} Re5 {[%emt 0:00:33]} 43. Rd7+ {[%emt 0:00:00]} Kg8 {[%emt 0:00:00]} 44. Rxa7 {[%emt 0:00:00]} Rxf5 {[%emt 0:00:00]} 45. Rb7 {[%emt 0:00:00]} Kf8 {[%emt 0:00:00]} 46. Rd7 {[%emt 0:00:00]} Rf4 {[%emt 0:00:00]} 47. f3 {[%emt 0:00:00]} Ke8 {[%emt 0:00:00]} 48. Rd5 {[%emt 0:00:00]} Rb4 {[%emt 0:00:00]} 49. Rd3 {[%emt 0:00:00]} Ke7 {[%emt 0:00:00]} 50. Kf2 {[%emt 0:00:00]} Ke6 {[%emt 0:00:00]} 51. Ke3 {[%emt 0:00:00]} Ke5 {[%emt 0:00:00]} 52. Rc3 {[%emt 0:00:00]} f5 {[%emt 0:00:00]} 53. Rc5+ {[%emt 0:00:00]} Ke6 {[%emt 0:00:00]} 54. Rc3 {[%emt 0:00:00]} Kd5 {[%emt 0:02:49]} 55. Rd3+ {[%emt 0:00:00]} Kc5 {[%emt 0:00:12]} 56. Rc3+ {[%emt 0:00:00]} Kb6 {[%emt 0:00:20]} 57. Kd2 {[%emt 0:04:27]} Ka5 {[%emt 0:03:41]} 58. Kc2 {[%emt 0:00:37]} Rd4 {[%emt 0:01:05]} 59. Rc6 {[%emt 0:02:06]} Rf4 {[%emt 0:01:39]} 60. Rc3 {[%emt 0:01:33]} Kb4 {[%emt 0:00:20]} 61. Re3 {[%emt 0:01:19]} g4 {[%emt 0:01:19]} 62. fxg4 {[%emt 0:00:02]} fxg4 {[%emt 0:00:11]} 63. hxg4 {[%emt 0:00:01]} Rxg4 {[%emt 0:00:07]} 64. Kc1 {[%emt 0:01:32]} Rd4 {[%emt 0:00:51]} 65. Re5 {[%emt 0:00:35]} h3 {[%emt 0:00:48]} 66. Rh5 {[%emt 0:00:01]} Rd3 {[%emt 0:00:17]} 67. Kc2 {[%emt 0:00:04]} Rg3 {[%emt 0:00:15]} 68. Rh4+ {[%emt 0:00:02]} Kc5 {[%emt 0:00:11]} 69. Rh5+ {[%emt 0:01:25]} Kc6 {[%emt 0:00:14]} 70. b4 {[%emt 0:00:39]} Rg2+ {[%emt 0:00:11]} 71. Kb3 {[%emt 0:00:04]} h2 {[%emt 0:00:06]} 72. Kc3 {[%emt 0:00:52]} Kd6 {[%emt 0:00:20]} 73. b3 {[%emt 0:00:38]} Ke6 {[%emt 0:01:14]} 74. Kd4 {[%emt 0:00:01]} Rc2 {[%emt 0:00:23]} 75. Kd3 {[%emt 0:00:04]} Rf2 {[%emt 0:00:14]} 76. Kd4 {[%emt 0:00:01]} Kf6 {[%emt 0:00:28]} 77. Ke3 {[%emt 0:00:48]} Rg2 {[%emt 0:00:25]} 78. Rh8 {[%emt 0:01:10]} Kg7 {[%emt 0:00:58]} 79. Kf3 {[%emt 0:00:53]} Rb2 {[%emt 0:00:20]} 80. Rh4 {[%emt 0:00:17]} Rxb3+ {[%emt 0:01:29]} 81. Kg2 {[%emt 0:00:01]} Rb2+ {[%emt 0:00:10]} 82. Kh1 {[%emt 0:00:16]} Kf6 {[%emt 0:00:12]} 83. Rxh2 {[%emt 0:01:24]} Rxh2+ {[%emt 0:00:45]} 84. Kxh2 {[%emt 0:00:01]} Ke5 {[%emt 0:00:09]} 85. Kg2 {[%emt 0:00:01]} Kd4 {[%emt 0:00:06]} 86. Kf2 {[%emt 0:00:07]} Kc3 {[%emt 0:00:10]} 87. Ke2 {[%emt 0:01:54]} Kxb4 {[%emt 0:00:06]} 88. Kd2 {[%emt 0:00:06]} Kb3 {[%emt 0:00:17]} 89. Kc1 {[%emt 0:00:14]} Ka2 {[%emt 0:00:05]} 0-1

[Event "NED-ch U16 Youth 2019"]
[Site "Assen"]
[Date "2019.05.03"]
[Round "6.5"]
[White "Shakhverdian, William"]
[Black "Gevorkjan, Lewon"]
[Result "1-0"]
[WhiteElo "1949"]
[BlackElo "1808"]
[Annotator "NA"]
[PlyCount "151"]
[EventDate "2019.04.28"]
[EventType "swiss"]
[EventCountry "NED"]
[SourceTitle "playchess.com"]
[Source "ChessBase"]
[SourceQuality "1"]
[TimeControl "40/5400+30:1800+30"]

1. d4 {[%emt 0:00:00]} e6 {[%emt 0:00:00]} 2. g3 {[%emt 0:00:00]} f5 {[%emt 0:02:26]} 3. Bg2 {[%emt 0:00:00]} Nf6 {[%emt 0:00:18]} 4. Nf3 {[%emt 0:00:15]} Be7 {[%emt 0:01:52]} 5. O-O {[%emt 0:00:18]} O-O {[%emt 0:00:10]} 6. c4 {[%emt 0:00:03]} c6 {[%emt 0:02:00]} 7. b3 {[%emt 0:04:26]} d5 {[%emt 0:02:20]} 8. Ba3 {[%emt 0:00:32]} b6 {[%emt 0:02:52]} 9. Bxe7 {[%emt 0:08:05]} Qxe7 {[%emt 0:00:05]} 10. Ne5 {[%emt 0:05:03]} Bb7 {[%emt 1:22:57]} 11. Nd2 {[%emt 0:00:44]} Nbd7 {[%emt 0:00:00]} 12. Ndf3 {[%emt 0:00:59]} Nxe5 {[%emt 0:00:00]} 13. Nxe5 {[%emt 0:00:27]} Nd7 {[%emt 0:00:00]} 14. Nd3 {[%emt 0:02:58]} Rac8 {[%emt 0:00:00]} 15. Rc1 {[%emt 0:00:40]} a5 {[%emt 0:00:00]} 16. f4 {[%emt 0:01:54]} Ba6 {[%emt 0:00:00]} 17. Qd2 {[%emt 0:01:19]} Qd8 {[%emt 0:00:00]} 18. Rc2 {[%emt 0:07:41]} Qf6 {[%emt 0:00:00]} 19. Ne5 {[%emt 0:05:18]} Nxe5 {[%emt 0:00:00]} 20. fxe5 {[%emt 0:00:13]} Qg6 {[%emt 0:00:00]} 21. c5 {[%emt 0:00:13]} Ra8 {[%emt 0:00:00]} 22. cxb6 {[%emt 0:00:55]} Bb7 {[%emt 0:00:00]} 23. Rfc1 {[%emt 0:14:18]} Ra6 {[%emt 0:00:00]} 24. e3 {[%emt 0:00:30]} Rfa8 {[%emt 0:00:00]} 25. Rc5 {[%emt 0:05:20]} Qg5 {[%emt 0:00:00]} 26. Kf2 {[%emt 0:01:55]} a4 {[%emt 0:00:00]} 27. b4 {[%emt 0:03:24]} Rxb6 {[%emt 0:00:00]} 28. a3 {[%emt 0:00:43]} Qg6 {[%emt 0:00:00]} 29. Bf1 {[%emt 0:01:00]} Qe8 {[%emt 0:00:00]} 30. Bd3 {[%emt 0:00:23]} Ba6 {[%emt 0:00:00]} 31. Bxa6 {[%emt 0:03:07]} Raxa6 {[%emt 0:00:00]} 32. R1c2 {[%emt 0:02:00]} h6 {[%emt 0:00:00]} 33. Qc1 {[%emt 0:01:39]} Kh7 {[%emt 0:00:00]} 34. Qd1 {[%emt 0:01:23]} Kg8 {[%emt 0:00:00]} 35. Qd3 {[%emt 0:01:16]} Qh5 {[%emt 0:00:00]} 36. Kg2 {[%emt 0:01:41]} Qe8 {[%emt 0:00:00]} 37. R2c3 {[%emt 0:00:47]} Qh5 {[%emt 0:00:00]} 38. Qc2 {[%emt 0:02:18]} Kh7 {[%emt 0:00:00]} 39. Qd3 {[%emt 0:01:36]} Kh8 {[%emt 0:00:00]} 40. Rc2 {[%emt 0:00:46]} Kh7 {[%emt 0:00:00]} 41. h3 {[%emt 0:31:31]} Kh8 {[%emt 0:13:57]} 42. Rf2 {[%emt 0:03:40]} Ra8 {[%emt 0:02:12]} 43. Qc2 {[%emt 0:00:12]} Qe8 {[%emt 0:01:38]} 44. Rf1 {[%emt 0:01:07]} Raa6 {[%emt 0:00:32]} 45. Qe2 {[%emt 0:05:47]} Ra7 {[%emt 0:04:52]} 46. Rfc1 {[%emt 0:00:28]} Raa6 {[%emt 0:01:31]} 47. Kh2 {[%emt 0:00:43]} Qf7 {[%emt 0:02:16]} 48. Qf3 {[%emt 0:03:53]} Qe8 {[%emt 0:07:57]} 49. Qf1 {[%emt 0:00:47]} Qh5 {[%emt 0:01:27]} 50. R1c2 {[%emt 0:01:04]} Kh7 {[%emt 0:00:59]} 51. Kg2 {[%emt 0:00:43]} Kg8 {[%emt 0:01:26]} 52. Qd3 {[%emt 0:02:25]} Kh8 {[%emt 0:00:30]} 53. Rf2 {[%emt 0:03:15]} Kg8 {[%emt 0:00:25]} 54. Qc2 {[%emt 0:00:38]} Qe8 {[%emt 0:01:17]} 55. g4 {[%emt 0:01:03]} fxg4 {[%emt 0:01:05]} 56. hxg4 {[%emt 0:00:07]} Ra7 {[%emt 0:01:57]} 57. Rc3 {[%emt 0:02:29]} Raa6 {[%emt 0:04:45]} 58. Kf1 {[%emt 0:00:40]} Rb7 {[%emt 0:00:54]} 59. e4 {[%emt 0:01:01]} Rf7 {[%emt 0:01:21]} 60. exd5 {[%emt 0:00:38]} Rxf2+ {[%emt 0:00:11]} 61. Kxf2 {[%emt 0:00:20]} Qf7+ {[%emt 0:00:12]} 62. Rf3 {[%emt 0:01:21]} Qa7 {[%emt 0:00:49]} 63. Qc5 {[%emt 0:00:57]} Qxc5 {[%emt 0:02:15]} 64. dxc5 {[%emt 0:00:05]} exd5 {[%emt 0:00:20]} 65. Ke3 {[%emt 0:00:21]} Ra7 {[%emt 0:01:18]} 66. Kd4 {[%emt 0:00:28]} Rb7 {[%emt 0:00:00]} 67. e6 {[%emt 0:00:00]} g6 {[%emt 0:00:00]} 68. Ke5 {[%emt 0:00:00]} h5 {[%emt 0:00:00]} 69. gxh5 {[%emt 0:00:00]} g5 {[%emt 0:00:00]} 70. Kd6 {[%emt 0:00:00]} g4 {[%emt 0:00:00]} 71. Rf4 {[%emt 0:00:00]} Rb8 {[%emt 0:00:00]} 72. Rxg4+ {[%emt 0:00:00]} Kh7 {[%emt 0:00:00]} 73. e7 {[%emt 0:00:00]} d4 {[%emt 0:00:00]} 74. Rxd4 {[%emt 0:00:00]} Ra8 {[%emt 0:00:00]} 75. Kd7 {[%emt 0:00:00]} Ra7+ {[%emt 0:00:00]} 76. Ke6 {[%emt 0:00:00]} 1-0